Viết lên hy vọng : Cuốn nhật ký làm rung chuyển nền giáo dục Mỹ
Viết về tình thầy - trò cũng như chia sẻ những khó khăn trong nghề dạy học và kinh nghiệm khi giáo dục học sinh
Saved in:
| Format: | Book |
|---|---|
| Language: | Undetermined |
| Published: |
Hà Nội
Khoa học Xã hội
2012
|
| Subjects: | |
| Tags: |
Add Tag
No Tags, Be the first to tag this record!
|
| Institutions: | Trung tâm Học liệu Trường Đại học Cần Thơ |
|---|
| LEADER | 00890nam a2200217Ia 4500 | ||
|---|---|---|---|
| 001 | CTU_181163 | ||
| 008 | 210402s9999 xx 000 0 und d | ||
| 020 | |c 98000 | ||
| 082 | |a 371.1023 | ||
| 082 | |b V308 | ||
| 245 | 0 | |a Viết lên hy vọng : | |
| 245 | 0 | |b Cuốn nhật ký làm rung chuyển nền giáo dục Mỹ | |
| 245 | 0 | |c Những nhà văn tự do & Erin Gruwell ; Thu Huyền dịch | |
| 260 | |a Hà Nội | ||
| 260 | |b Khoa học Xã hội | ||
| 260 | |c 2012 | ||
| 520 | |a Viết về tình thầy - trò cũng như chia sẻ những khó khăn trong nghề dạy học và kinh nghiệm khi giáo dục học sinh | ||
| 650 | |a Teacher-student relationships,Mối quan hệ giáo viên-sinh viên | ||
| 650 | |z United States,Hoa Kỳ | ||
| 904 | |i Hải | ||
| 980 | |a Trung tâm Học liệu Trường Đại học Cần Thơ | ||